000 00427pab a2200181 454500
008 180718b2011 xxu||||| |||| 00| 0 eng d
100 _aAbeysinghe, Tilak
245 _aLifetime income and housing affordability in Singapore
260 _c2011
300 _ap.1875-1891.
362 _aJul
650 _aIncome
650 _aHousing
700 _aGu, Jiaying
773 _aUrban Studies
908 _aN
909 _a93023
999 _c93023
_d93023